Jeden z Dziesięciu 501 - Statystyki

Ogólne statystyki
  • Ten quiz został rozwiązany 85 razy
  • Średni wynik to 25 z 40
Statystyki odpowiedzi
Zagadnienie Odpowiedź % Poprawnych
Co znaczy niemieckie słowo "Bruderschaft"? Braterstwo
86%
Czy Mikołaj Kopernik urodził się i zmarł w tym samym mieście? Nie
86%
Który stan Stanów Zjednoczonych ma najmniejszą powierzchnię? Rhode Island
86%
Na jakiej tablicy rejestracyjnej polskiego samochodu, numer rejestracyjny jest czarny na żółtym tle? Na samochodzie tymczasowym, zabytkowym czy zwykłym? Zabytkowym
86%
Który grecki bóg był patronem podróżnych, złodziei i rzeczy znalezionych? Hermes
82%
Od ilu lat Polska jest członkiem Unii Europejskiej (stan na 2024 r.)? od 20
82%
Które bezkręgowce, odżywiające się krwią, stosowane są w metodzie leczniczej zwanej "hirudoterapią"? Pijawki
82%
"Serwilizm" to podporządkowanie się jakiejś władzy czy sprzeciwianie się? Podporządkowanie się
82%
W którym wieku Rudolf Diesel wynalazł spalinowy silnik wysokoprężny? w XIX w.
82%
Jak nazywa się burta statku leżąca naprzeciwko sterburty? Bakburta
77%
"Szuwaks" to dawna nazwa pasty do czyszczenia której części garderoby? Butów
77%
Czy Siarka jest metalem? Nie
77%
W którym roku doszło do Zjazdu Gnieźnieńskiego, podczas którego Otton III spotkał się z Bolesławem Chrobrym? 1000
73%
"Brukiew" to podgatunek której rośliny oleistej? Rzepaku
73%
Jak nazywa się słomiana mata do podłóg, popularna w Japonii? Tatami
73%
Jak nazywał się autor powieści "Imię Róży"? Umberto Eco
73%
"Dojlidy" to dzielnica którego polskiego miasta? Białegostoku
68%
Muł to krzyżówka których dwóch zwierząt? Konia i osła
68%
Którą dziedziną nauki zajmował się Stefan Banach? Matematyką
68%
Czy 1911 to liczba pierwsza? Nie
68%
Jak nazywa się księga zawierająca opisy i rysunki herbów szlacheckich? Herbarz
64%
Czy istnieje "witamina H"? Tak
64%
W której części ciała znajduje się nerw trójdzielny? W głowie czy w nodze? W głowie
64%
Który aktor wcielił się w rolę Winstona Churchilla w filmie "Czas Mroku"? Gary Oldman
59%
"Litwos" to pseudonim którego polskiego pisarza? Henryka Sienkiewicza
59%
W którym roku Polska po raz pierwszy uczestniczyła w Letnich Igrzyskach Olimpijskich? 1924
55%
Kto namalował XVII-wieczny obraz "Dziewczyna z Perłą"? Johannes Vermeer
55%
Który kanał łączy dorzecza Wisły i Niemna? Kanał Augustowski
55%
Przedstawiciel której dynastii objął tron w Polsce bezpośrednio po śmierci Jana III Sobieskiego? Wettynów
55%
Jaki tytuł nosi wydana w 2018 roku książka Michaela Wolffa opisująca kulisy rządów Donalda Trumpa jako prezydenta USA? "Fire and Fury"
50%
Jan Sebastian Bach był dwukrotnie żonaty. Ilu dzieci doczekał się z tych związków? 20
45%
Kto skomponował melodię hymnu Niemiec? Haydn
45%
Jak nazywał się powstaniec styczniowy, którego ukrywała Salomea Brynicka w powieści "Wierna Rzeka" Stefana Żeromskiego? Józef Odrowąż
45%
Z którego państwa pochodzi piosenkarz Carlos Santana? Z Meksyku
45%
Który rzymski polityk większość swoich wystąpień w Senacie kończył słowami "a poza tym uważam, że Kartagina musi być zniszczona"? Katon Starszy Cenzor
41%
W górach którego kontynentu żyje dzika owca Argali? Azji
36%
Paziem którego polskiego króla był Mazepa - tytułowy bohater powieści Juliusza Słowackiego? Jana II Kazimierza
36%
W którym państwie ma siedzibę Rada Europy? we Francji
36%
Ile mil morskich szerokości ma morze terytorialne - pas wód stanowiący część terytorium Polski? 12
27%
Kto był dowódcą obrony Warszawy podczas Kampanii Wrześniowej w 1939 r.? gen. Walerian Czuma
18%
Nie znaleziono quizów pasujących do podanych kryteriów
Rozkład punktacji
Procent ludzi z każdym wynikiem
Percentyl według liczby udzielonych odpowiedzi
Twoja historia wyników
Nie rozwiązałeś tego quizu